000 00482nam a2200145 4500
008 151001b xxu||||| |||| 00| 0 eng d
020 _a9966445145
050 _aAFR QC 23 .K53 2024
245 _aPhysics:
_bStudents' book one/
_cKenya literature bureau.
250 _a5th ed.
260 _aNairobi:
_bKenya literature bureau,
_c2014.
300 _ax, 236 p. : ill.
_bIncludes index.
650 _aKLB Physics Form 1
942 _2lcc
_cBOOKS
_hAFR QC 23 .K53 2024
_089
999 _c6994
_d6994